000 00927pam a2200265 a 4500
001 3383679
005 20210514112521.0
008 880811s1989 ilua 001 0 eng
010 _a 88026386
020 _a0673383385
040 _aDLC
_cDLC
_dDLC
050 0 0 _aHB172.5.B95
082 0 0 _a339
_219
100 1 _aByrns, Ralph T.
245 1 0 _aMacroeconomics. /
_cRalph T. Byrns, Gerald W. Stone.
250 _a4th ed.
260 _aGlenview, Ill.:
_bScott, Foresman,
_c1989.
300 _a490 p. :
_bcol. ill. ;
_c26 cm.
500 _aIncludes indexes.
505 _aContent: Foundations of economics -- Measuring economic performance -- Keynesian macroeconomics -- Money, monetary theory, and monetary policy -- Challenges to macroeconomics -- The international economy --
650 0 _aMacroeconomics.
700 1 _aStone, Gerald W.
906 _a7
_bcbc
_corignew
_d1
_eocip
_f19
_gy-gencatlg
942 _2ddc
_cBK
999 _c7585
_d15085